| 000 | 00706nam a2200205 a 4500 | ||
|---|---|---|---|
| 001 | 000007089 | ||
| 005 | 20200929154050.0 | ||
| 008 | 090904s1907 dr 000 0 spa d | ||
| 040 |
_aDO-SdBNP _bspa _cBNPHU |
||
| 082 |
_a345.729305 _bR426c, 1907 |
||
| 110 | 1 |
_aRepública Dominicana _9447 |
|
| 240 | 1 | 3 | _a[Leyes, etc.] |
| 245 | 1 | 0 | _aCódigo penal de la República Dominicana, arreglado. |
| 250 | _a2a. ed. oficial | ||
| 260 |
_aSanto Domingo : _bLa Cuna de América, _c1907. |
||
| 300 |
_a102 p. ; _c26 cm. |
||
| 650 | 4 |
_aDerecho penal _xLegislación _zRepública Dominicana _916570 |
|
| 650 | 4 |
_aProcedimiento penal _xLegislación _zRepública Dominicana _916571 |
|
| 910 | _aValidado. Control de calidad MFF | ||
| 999 |
_c6870 _d6870 |
||